00270nam a2200121Ia 4500008004100000100000900041245002800050260002900078300000700107650001000114942000700124999001700131190216s9999||||xx |||||||||||||| ||und|| aNull 0aHindi-Nanamughi Ke Upay bMac Millian And Com. Ltd a80 aHindi cBK c15972d15972